000 00782nam a2200253 i 4500
001 185706
003 SpMaBN
005 20251015190739.0
008 160803s1987 sp c |||| |dspa d
020 _a84-376-0613-6
080 _a860-14"15"
100 1 _aLeón, Luis de,
_d1527-1591
_971583
245 1 0 _aPoesía /
_cFray Luis de León ; edición de Juan Alcina.
250 _a2ª ed.
260 _aMadrid :
_bCátedra,
_c1987.
300 _a219 p. :
_b1 retr. ;
_c18 cm.
490 1 _aLetras hispánicas ;
_v184
504 _aBibliografía: p. 55-58.
700 1 _aAlcina, Juan,
_d1917-1998
_9160313
830 0 0 _aLetras hispánicas ;
_v184
_9235703
852 _aES-MaACL
_jL-30504
_z. - Donat. Miguel A. Velasco
942 _2udc
999 _c185706
_d185706